| 000 | 00991nam a2200229Ia 4500 | ||
|---|---|---|---|
| 001 | 20442 | ||
| 003 | GE_BSU | ||
| 008 | 181216s||||||||xx |||||||||||||| ||und|| | ||
| 040 | _cGE_BSU | ||
| 080 | _a811.353.1'36(075.3) | ||
| 100 | _aშანიძე, აკაკი., კვაჭაძე, ლევან | ||
| 245 | _aქართული ენა:სინტაქსი, პუნქტუაცია, მეტყველების განვითარება | ||
| 245 | _bმე-8 კლასის სახელმძღვანელო | ||
| 245 | _cრედ. ე. პოლოლიკაშვილი | ||
| 260 | _aთბილისი | ||
| 260 | _bგანათლება | ||
| 260 | _c1989 | ||
| 300 | _a90გვ. ; 20სმ. | ||
| 541 | _h50 თ. | ||
| 653 | _aქართული ენა : სინტაქსი, პუნქტუაცია, მეტყველების განვითარება | ||
| 942 | _cBK | ||
| 999 |
_c53399 _d53399 |
||